000 00842cam9a220025300 4500
001 lce00677707
008 710521s1968 onca 000 0 eng
010 _a 68132672 //r82
015 _aC68-2555
020 _c
_5.95 Can.
035 _a(Sirsi) r30950
035 _a(DLC) 68132672 //r82
035 _a(UPRA)lce00677707
043 _an-cn-nt
050 0 _aF1105.5.A7
_bH5
082 _a917.12/9
100 1 _aHinds, Margery.
_6A95298.1
245 1 0 _aHigh Arctic venture.
260 _aToronto,
_bRyerson Press
_c[1968]
650 0 _aEskimos -- Northwest Territories -- Baffin Island.
_zEskimos -- Northwest Territories -- Baffin Island.
_zEskimos -- Northwest Territories -- Baffin Island.
_6S68656.1
651 0 _aArctic Bay (Settlement)
_6S68657.1
949 _aF1105.5.A7
_wlcc
_i-34871
_mMAIN
_tBOOK
_lON-SHELF
004 30950
999 _c202995
_d202995